| 000 -CABECERA |
| Campo de control de longitud fija |
01265nam a22002777a 4500 |
| 001 - NÚMERO DE CONTROL |
| Campo de control |
BH33481 |
| 003 - IDENTIFICADOR DEL NÚMERO DE CONTROL |
| Campo de control |
ES-SlBCS |
| 005 - FECHA Y HORA DE LA ÚLTIMA TRANSACCIÓN |
| Campo de control |
20260703074717.0 |
| 008 - CÓDIGOS DE INFORMACIÓN DE LONGITUD FIJA |
| Campo de control de longitud fija |
260702b 1519 sp||||| |||| 00| 0 lat d |
| 040 ## - FUENTE DE LA CATALOGACIÓN |
| Centro catalogador del origen |
ES-SlBCS |
| Lengua de catalogación |
spa |
| 041 ## - CÓDIGO DE LENGUA |
| Código de lengua del texto/banda sonora o título independiente |
lat |
| 100 ## - PUNTO DE ACCESO PRINCIPAL-NOMBRE DE PERSONA |
| Nombre de persona |
Garsia de Loaysa |
| Término indicativo de función |
Magister Generalis |
| 9 (RLIN) |
26576 |
| 110 ## - PUNTO DE ACCESO PRINCIPAL-NOMBRE DE ENTIDAD CORPORATIVA |
| Nombre de entidad corporativa o nombre de jurisdicción como elemento inicial |
Dominicos |
| 9 (RLIN) |
6838 |
| 240 ## - TÍTULO UNIFORME |
| Título uniforme |
<a href="Processionale.">Processionale.</a> |
| Lengua de la obra |
Latín |
| 245 ## - MENCIÓN DE TÍTULO |
| Título |
Processionarium secundum morem almi ordinis predicatorum, nuper impressum, atque per quosdam predicti ordinis fratres solertissime correctum & emendatum, cum quibusdam in eo decenter additis. |
| 260 ## - PUBLICACIÓN, DISTRIBUCIÓN, ETC... (PIE DE IMPRENTA) |
| Lugar de publicación, distribución, etc. |
Hispali : |
| Nombre del editor, distribuidor, etc. |
Impressum per spectabilem virum Jacobum cromberger alemanum |
| Fecha de publicación, distribución, etc. |
, anno domini MDXIX, kal. septembris. |
| 300 ## - DESCRIPCIÓN FÍSICA |
| Extensión |
CXXVII h : |
| Otras características físicas |
enc. |
| Dimensiones |
20 cm |
| 500 ## - NOTA GENERAL |
| Nota general |
Portada ilustrada, con lm. en la cara r. |
| 500 ## - NOTA GENERAL |
| Nota general |
A dos tintas, con tetragramas. Indice en el último f. |
| 500 ## - NOTA GENERAL |
| Nota general |
Tiene colofón, de donde se toma lugar y fecha de publicación. Mención del Provincial de la Provincia de Bética, Fr. Cristóbal de Guzmán.<br/>Afectado en alhgunas hojas por ácaros. |
| 561 ## - NOTA DE PROCEDENCIA |
| Procedencia |
Sto. Tomás (Sevilla) |
| 650 ## - PUNTO DE ACCESO ADICIONAL DE MATERIA-TÉRMINO DE MATERIA |
| Término de materia o nombre geográfico como elemento inicial |
Liturgia |
| Subdivisión de forma |
Dominicos |
| Subdivisión cronológica |
Obras anteriores a 1800 |
| 9 (RLIN) |
14522 |
| 700 ## - PUNTO DE ACCESO ADICIONAL-NOMBRE DE PERSONA |
| Nombre de persona |
Brocario, Juan |
| Término indicativo de función |
imp |
| 9 (RLIN) |
6882 |
| 752 ## - PUNTO DE ACCESO ADICIONAL-NOMBRE JERÁRQUICO DE LUGAR |
| País o entidad superior |
España |
| Ciudad |
Sevilla |
| 942 ## - ENTRADA DE ELEMENTOS AGREGADOS (KOHA) |
| Fuente de clasificaión o esquema |
|
| Koha [por defecto] tipo de item |
Libro Antiguo |